| 000 | 004390000a22001810004500 | ||
|---|---|---|---|
| 003 | MACL | ||
| 005 | 20151129170830.0 | ||
| 008 | 151129b xxu||||| |||| 00| 0 eng d | ||
| 040 |
_aMACL _cMACL |
||
| 041 | _aEnglish | ||
| 082 | _a741-642 | ||
| 100 |
_aBronte, Charlotte _918836 |
||
| 245 |
_aJane Eyre _bGreat Stories in Easy English |
||
| 260 | _bS Chand & Company | ||
| 350 | _a6 | ||
| 650 |
_aFicition _918837 |
||
| 942 |
_cBK _k823 _2ddc |
||
| 999 |
_c5305 _d5305 |
||